Rozpoznaj grę po recenzji Steam #20 - Statystyki

Ogólne statystyki
  • Ten quiz został rozwiązany 5 razy
  • Średni wynik to 6 z 20
Statystyki odpowiedzi
Recenzja Tytuł % Poprawnych
Symulator Polskiej zawodówki, biegasz jakimś łysolem i nawalasz każdego typa jakiego zobaczysz, kradniesz rowery, nawalasz autorytet szkolny i graficiarstwo. Bully: Scholarship Edition
60%
Można bić się z Senatorem Morawieckim 10/10 METAL GEAR RISING: REVENGEANCE
60%
Tak bym szarpał tą Io albo Ying że aż mi drążek dyga. 10/10 Paladins
60%
symulator walter white'a tylko że w średniowieczu Potion Craft: Alchemist Simulator
60%
30min przygotowań do misji żeby w 5min zginąć od granatu swojego kolegi. polecam Arma 3
40%
Czas zbudować RASOWO CZYSTĄ EUROPĘ!! Hearts of Iron IV
40%
im a hollow knight player and everyone in the fandom is calling this game hollow knight with a parry but after playing i can say that hollow knight is [this game] without a parry Nine Sols
40%
przez tą grę zakończył się mój 5 letni związek. Dostałam ponad 20 razy bułką do burgera w mordę po czym go zwyzywałam, na następny dzień mnie zablokował wszędzie Overcooked! 2
40%
They're gonna make him do this until he's 90. Resident Evil Requiem
40%
troche dziwne że nieletnia japonka sie rozbiera bardziej z progressem SILENT HILL f
40%
chińska podróba GTA i Jakuzy Sleeping Dogs: Definitive Edition
40%
super spędzony czas, szczególnie polecam kreiie i jej schowane trzy miecze świetlne w doopsku PURE PAZAK! STAR WARS™ Knights of the Old Republic™ II: The Sith Lords™
40%
Idziesz sobie na pielgrzymkę chłopem z pachołkiem na głowie.Zabijasz nagie kobity, powykrzywianych ziomów i inne zróżnicowane abominacje. No i bossy są i muzyka super. Blasphemous
20%
Można pokonać mandarynę na jej koncercie Hi-Fi RUSH
20%
Można przytulać się do postaci, a potem płakać gdy odchodzą. Czego chcieć więcej? Spiritfarer®: Farewell Edition
20%
FLOW+FLOWER+JOURNEY ABZU
0%
ogłuszyłem niczego nie świadomą kobietę, kamieniem w tył głowy, poderżnąłem jej gardło. Potem przypalałem jej ciało pochodnią, żeby na końcu wrzucić jej zwłoki do Prasy młynarskiej Blade & Sorcery
0%
Lobotomy Corp. mi chyba zrobiło lobotomie odkąd zaczełam w to grać bo oprócz ciągłej mordobitki i hazardu, to nie wiem co się dzieje Limbus Company
0%
Mamo czy możemy mieć minecraft?Mama: mamy przecież minecraft w domu, Minecraft w domu: Muck
0%
It has its ups and downs VVVVVV
0%
Nie znaleziono quizów pasujących do podanych kryteriów
Rozkład punktacji
Procent ludzi z każdym wynikiem
Percentyl według liczby udzielonych odpowiedzi
Twoja historia wyników
Nie rozwiązałeś tego quizu